00675 2200169 4500245004300000020002200043250001100065100002000076650002000096005001900116260003800135041001400173084000800187300002300195500027800218336000900496 aSweet SeventeencTrivani DesyarahText a978-979-911-352-8 aCet. 1 aTrivani Desyara aNovel Indonesia a20231010112204 aYogyakartabMedia Pressindoc2013 aIndonesia a813 a148 hlm. :c19 cm. a"gue mau sama lo saat lo ulang tahun yang ketujuh belas nanti. lo mau, ya?ava terdiam sejenak."adhi, jangan bercanda, deh! kenapa harus bilang sekarang? kenpa nggak pas ulang tahun gue aja?tadinya ava mengira ulang tahun ke tujuh belasnya akan berlangsung biasa biasa saja. atext